| 000 | 00391nam a22001697a 4500 | ||
|---|---|---|---|
| 005 | 20180613142229.0 | ||
| 008 | 160620b xxu||||| |||| 00| 0 eng d | ||
| 020 | _a81-7446-415-8 | ||
| 041 | _aeng | ||
| 082 |
_b8565 _a657 |
||
| 100 |
_aBanerjee, Ashok _91265 |
||
| 245 | _aFinancial Accounting | ||
| 260 |
_bExcel Books _c2006 |
||
| 300 | _a691 | ||
| 650 |
_aManagement _9241 |
||
| 942 | _cBK | ||
| 999 |
_c3289 _d3288 |
||